00707cam a22002297a 4500003000500000005001700005008004100022010001000063011001000073020001500083035001000098040000900108082001700117100002800134245012300162260005100285300002000336650004000356650003000396700002900426700002200455CHAP20220817043643.0000404d1998 uk a r 00110 eng d a80695 a81667 a0471957534 a92142 cCHAP04a333.9162bW300aWaal, Louise C. deeed.10aRehabilitation of rivers :bprinciples and implementationc/ed. by Louise C. de Waal, Andew R.G. Large and P. Max Wade aWest Sussex, Eng. :bJohn Wiley & Sons,c1998. a331 p. ;bilus.14aRecursos naturalesxConservación.14aRíosxRehabilitación.0 aLarge, Andrew R. G.eed.0 aWade, P. Maxeed.